[Event "Superettan(Rockaden,Umea-Team Malmo)"]
[Site "?"]
[Date "2011.03.12"]
[Round "8"]
[White "Wickstrom, Lucas"]
[Black "Johansson, Thomas"]
[Result "1/2-1/2"]
[WhiteElo "2324"]
[BlackElo "2270"]
[PlyCount "55"]

1. d4 f5 2. Nc3 d5 3. Bg5 h6 4. Bf4 Nf6 5. e3 g5 6. Be5 e6 7. Be2 Bd6 8. f4 Nc6
9. Nh3 g4 10. Nf2 Bxe5 11. fxe5 Nh5 12. O-O Ng7 13. Nd3 Qg5 14. Nf4 Bd7 15. Qe1
a6 16. Nd1 Ne7 17. Nf2 h5 18. N2d3 b6 19. a4 a5 20. Qc3 Rc8 21. Qb3 h4 22. Rac1
O-O 23. c4 dxc4 24. Rxc4 Nd5 25. Nc1 Nb4 26. Ncd3 Nd5 27. Nc1 Nb4 28. Ncd3
1/2-1/2

[Event "Superettan(Rockaden,Umea-Team Malmo)"]
[Site "?"]
[Date "2011.03.12"]
[Round "8"]
[White "Jonsson, Lennart"]
[Black "Malmstig, Erik"]
[Result "0-1"]
[WhiteElo "2102"]
[BlackElo "2313"]
[PlyCount "66"]

1. d4 Nf6 2. Nf3 e6 3. e3 b6 4. Bd3 Bb7 5. O-O Ne4 6. b3 f5 7. Bb2 Qf6 8. Nbd2
c5 9. Ne5 Bd6 10. f3 Nxd2 11. Qxd2 Qh6 12. Qe2 Nc6 13. c4 f4 14. Nxc6 Bxc6 15.
e4 cxd4 16. Bxd4 e5 17. Bf2 Ba3 18. c5 bxc5 19. Bc4 Qf6 20. Rfd1 Ke7 21. Rd3 d6
22. Rad1 Rhd8 23. Qd2 Bb4 24. Qb2 g5 25. Bd5 Rac8 26. Bxc6 Rxc6 27. a3 Ba5 28.
Qc2 Bb6 29. Qc4 Qe6 30. Rd5 Qc8 31. R5d3 Rg8 32. Be1 Rg6 33. Qc3 c4+ 0-1

[Event "Superettan(Rockaden,Umea-Team Malmo)"]
[Site "?"]
[Date "2011.03.12"]
[Round "8"]
[White "Nygren, David"]
[Black "Malmqvist, Glenn"]
[Result "1/2-1/2"]
[WhiteElo "2282"]
[BlackElo "2232"]
[PlyCount "98"]

1. d4 d5 2. c4 c6 3. Nf3 Nf6 4. Nc3 Bf5 5. cxd5 cxd5 6. Qb3 Qb6 7. Nxd5 Nxd5 8.
Qxd5 e6 9. Qb3 Bb4+ 10. Bd2 Bxd2+ 11. Nxd2 Nc6 12. e3 Qxb3 13. Nxb3 Nb4 14. Rc1
Nxa2 15. Bb5+ Kd8 16. Ra1 Nb4 17. O-O Bd3 18. Bxd3 Nxd3 19. Na5 b6 20. Nc4 Ke7
21. Ra3 b5 22. Rxd3 bxc4 23. Rc3 Rhb8 24. Rxc4 Rxb2 25. Ra1 a5 26. g4 Kd6 27.
Kg2 Ra7 28. Kf3 f6 29. Ra3 Rb5 30. Rca4 Kc6 31. Rc3+ Kb6 32. Rc8 Rc7 33. Rb8+
Rb7 34. Re8 Rb4 35. Rxe6+ Kb5 36. Ra1 a4 37. d5 Kc4 38. d6 Rd7 39. Rd1 Kc5 40.
Re8 Rbb7 41. Ra8 Kb5 42. Rd5+ Kc6 43. Rd4 Ra7 44. Rxa4 Rxa8 45. Rxa8 Kxd6 46.
Ke4 Re7+ 47. Kd4 Rb7 48. e4 Rb4+ 49. Ke3 Rb3+ 1/2-1/2

[Event "Superettan(Rockaden,Umea-Team Malmo)"]
[Site "?"]
[Date "2011.03.12"]
[Round "8"]
[White "Franzen, Johan"]
[Black "Hammar, Ulf"]
[Result "1/2-1/2"]
[WhiteElo "2121"]
[BlackElo "2232"]
[PlyCount "88"]

1. d4 d5 2. Nf3 Nf6 3. g3 c6 4. Bg2 Bf5 5. O-O e6 6. c3 Be7 7. Bg5 h6 8. Bxf6
Bxf6 9. Qb3 Qb6 10. Nbd2 O-O 11. Rfe1 Nd7 12. e4 Bg6 13. exd5 cxd5 14. Ne5 Qxb3
15. axb3 Nxe5 16. dxe5 Be7 17. b4 a6 18. Nb3 Rfc8 19. Nd4 Bd8 20. Bf1 Bb6 21.
Red1 Bh5 22. Rd2 Bc7 23. f4 a5 24. bxa5 Bxa5 25. Kg2 Bb6 26. Rxa8 Rxa8 27. Be2
Bg6 28. Bd3 Bxd3 29. Rxd3 Ra2 30. Rd2 Bxd4 31. cxd4 g5 32. fxg5 hxg5 33. Kf3
Kg7 34. Kg4 Kg6 35. h4 gxh4 36. gxh4 Ra1 37. h5+ Kg7 38. Rd3 b5 39. Rb3 Ra4 40.
Rd3 Kh6 41. b3 Ra1 42. Rf3 Rg1+ 43. Kh4 Rh1+ 44. Kg4 Rg1+ 1/2-1/2

[Event "Superettan(Rockaden,Umea-Team Malmo)"]
[Site "?"]
[Date "2011.03.12"]
[Round "8"]
[White "Eriksson, Jorgen"]
[Black "Malmgren, Lars-Goran"]
[Result "1-0"]
[WhiteElo "2270"]
[BlackElo "1985"]
[PlyCount "61"]

1. d4 Nf6 2. Bg5 e6 3. Nd2 d5 4. e3 Nbd7 5. f4 a6 6. Bd3 Be7 7. Ngf3 Ng4 8. Qe2
h6 9. Bxe7 Qxe7 10. h3 Ngf6 11. Ne5 Nxe5 12. fxe5 Nd7 13. O-O c5 14. c3 b5 15.
a3 Nb6 16. Rf2 Nc4 17. Nf1 cxd4 18. exd4 O-O 19. Nh2 f5 20. exf6 Rxf6 21. Rxf6
Qxf6 22. b3 Nd6 23. Ng4 Qg5 24. Ne5 Nf7 25. Nxf7 Kxf7 26. Rf1+ Kg8 27. Qf3 Qe7
28. Qh5 g6 29. Qxg6+ Kh8 30. Rf8+ Qxf8 31. Qh7# 1-0

[Event "Superettan(Rockaden,Umea-Team Malmo)"]
[Site "?"]
[Date "2011.03.12"]
[Round "8"]
[White "Magnusson, Roger"]
[Black "Lindgren, Fredrik"]
[Result "1/2-1/2"]
[WhiteElo "2017"]
[BlackElo "2218"]
[PlyCount "33"]

1. d4 Nf6 2. Nc3 d5 3. Bf4 Bf5 4. e3 e6 5. Nf3 c6 6. Ne5 Nbd7 7. g4 Nxe5 8.
gxf5 Nc4 9. Bxc4 dxc4 10. fxe6 fxe6 11. Qe2 b5 12. Qf3 Rc8 13. a3 Be7 14. Qh3
Qd7 15. Rg1 O-O 16. Be5 Rf7 17. Rg2 1/2-1/2

[Event "Superettan(Orebro-Mark)"]
[Site "?"]
[Date "2011.03.12"]
[Round "8"]
[White "Sixtensson, Mikael"]
[Black "Lundin, Jan"]
[Result "1/2-1/2"]
[WhiteElo "2256"]
[BlackElo "2349"]
[PlyCount "27"]

1. Nf3 Nf6 2. c4 b6 3. g3 Bb7 4. Bg2 e6 5. O-O Be7 6. d4 O-O 7. Nc3 Na6 8. b3
Ne4 9. Bb2 c5 10. e3 Bf6 11. Qe2 Qe7 12. Rfd1 d6 13. Rac1 Nc7 14. dxc5 1/2-1/2

[Event "Superettan(Orebro-Mark)"]
[Site "?"]
[Date "2011.03.12"]
[Round "8"]
[White "Alm, Hakan"]
[Black "Oskarsson, Bo-Lennart"]
[Result "1-0"]
[WhiteElo "2313"]
[BlackElo "2217"]
[PlyCount "51"]

1. c4 f5 2. Nf3 Nf6 3. g3 e6 4. Bg2 Be7 5. O-O O-O 6. Nc3 d6 7. d3 Qe8 8. e3
Nc6 9. Rb1 a5 10. a3 Qh5 11. Nd4 Ng4 12. h3 Bd7 13. hxg4 fxg4 14. Nxc6 Bxc6 15.
e4 Rf6 16. d4 g5 17. Be3 Raf8 18. Re1 Rf3 19. d5 Bd7 20. e5 R8f5 21. exd6 cxd6
22. dxe6 Bc6 23. Nd5 Bxd5 24. cxd5 Rf6 25. Rc1 Rh6 26. Rc8+ 1-0

[Event "Superettan(Orebro-Mark)"]
[Site "?"]
[Date "2011.03.12"]
[Round "8"]
[White "Forsberg, Timmy"]
[Black "Nygren, Kim"]
[Result "1-0"]
[WhiteElo "2183"]
[BlackElo "2328"]
[PlyCount "67"]

1. d4 d5 2. c4 Nc6 3. cxd5 Qxd5 4. e3 e5 5. Nc3 Bb4 6. Bd2 Bxc3 7. Bxc3 exd4 8.
Ne2 Bg4 9. f3 Nf6 10. Nxd4 O-O-O 11. Qa4 Qg5 12. Kf2 Nd5 13. Re1 Nxc3 14. bxc3
Qh4+ 15. g3 Qf6 16. f4 g5 17. h4 gxf4 18. gxf4 Rhe8 19. Bg2 Rd6 20. Qb5 Re5 21.
Qb2 Ra5 22. Rb1 b6 23. Nb5 Rxb5 24. Qxb5 Rd2+ 25. Kg3 Bd7 26. Rbd1 Qxc3 27.
Rxd2 Qxe3+ 28. Bf3 Qxd2 29. Rd1 Nb4 30. Qe5 f6 31. Qxf6 Qe3 32. Qf8+ Be8 33.
Qxb4 Bc6 34. Qb3 1-0

[Event "Superettan(Orebro-Mark)"]
[Site "?"]
[Date "2011.03.12"]
[Round "8"]
[White "Lind, Jan-Olov"]
[Black "Svensson, Leif"]
[Result "1/2-1/2"]
[WhiteElo "2216"]
[BlackElo "2160"]
[PlyCount "46"]

1. e4 e5 2. Nf3 Nc6 3. Be2 Nf6 4. d3 Bc5 5. O-O d6 6. c3 Bb6 7. Nbd2 a6 8. b4
O-O 9. a3 Qe7 10. Nc4 Ba7 11. Ne3 Rd8 12. Nd5 Nxd5 13. exd5 Nb8 14. Bg5 f6 15.
Be3 c6 16. Bxa7 Rxa7 17. dxc6 Nxc6 18. a4 b6 19. b5 axb5 20. Qb3+ Be6 21. Qxb5
Qc7 22. Qb2 Rda8 23. Bd1 Na5 1/2-1/2

[Event "Superettan(Orebro-Mark)"]
[Site "?"]
[Date "2011.03.12"]
[Round "8"]
[White "Kleimark, Anders"]
[Black "Jonsson, Krister"]
[Result "1-0"]
[WhiteElo "1924"]
[BlackElo "2156"]
[PlyCount "77"]

1. d4 Nf6 2. Nf3 e6 3. c4 Bb4+ 4. Bd2 c5 5. Bxb4 cxb4 6. e3 O-O 7. Bd3 d6 8.
O-O Nbd7 9. Nbd2 b6 10. Qa4 Bb7 11. Qxb4 Qc7 12. Ng5 Rac8 13. b3 Rfd8 14. Nge4
Nxe4 15. Bxe4 Nf6 16. Bxb7 Qxb7 17. Rac1 Ne4 18. Nxe4 Qxe4 19. Rfd1 h6 20. Rc3
g5 21. f3 Qf5 22. e4 Qf6 23. Re3 Kg7 24. Qe1 Qg6 25. Qg3 Rd7 26. f4 g4 27. Qf2
Rf8 28. f5 Qg5 29. Rf1 e5 30. h3 h5 31. Rd3 Rfd8 32. Rfd1 Qf4 33. Qxf4 exf4 34.
hxg4 hxg4 35. Rf1 Kf6 36. Rxf4 Kg5 37. g3 f6 38. Rd2 Re8 39. Rh2 1-0

[Event "Superettan(Horndal-Rodeby)"]
[Site "?"]
[Date "2011.03.12"]
[Round "8"]
[White "Svensson, Bo Anders"]
[Black "Vaarala, Eric"]
[Result "1-0"]
[WhiteElo "2340"]
[BlackElo "2256"]
[PlyCount "59"]

1. c4 c6 2. d4 d5 3. Qc2 e6 4. Nd2 f5 5. g3 Nf6 6. Bg2 Bd6 7. Nh3 O-O 8. O-O b6
9. f3 e5 10. cxd5 exd4 11. dxc6 Bc5 12. Qc4+ Kh8 13. b4 Ba6 14. Qb3 d3+ 15.
bxc5 dxe2 16. Re1 Nxc6 17. Kh1 Nd4 18. Qc3 bxc5 19. Nb3 Rc8 20. Bg5 Nd5 21. Qd2
Qb6 22. Rab1 Qe6 23. Nxd4 cxd4 24. Qxd4 Nc3 25. Rbc1 Nxa2 26. Rxc8 Rxc8 27. Qd2
h6 28. Be3 g5 29. f4 Re8 30. Bd4+ 1-0

[Event "Superettan(Horndal-Rodeby)"]
[Site "?"]
[Date "2011.03.12"]
[Round "8"]
[White "Olsson, Krister"]
[Black "Greiff, Hakan"]
[Result "1/2-1/2"]
[WhiteElo "2279"]
[BlackElo "2296"]
[PlyCount "113"]

1. d4 d5 2. Nf3 e6 3. e3 Nf6 4. Bd3 Nbd7 5. O-O Be7 6. b3 c5 7. Bb2 b6 8. Nbd2
Bb7 9. Qe2 O-O 10. Rfd1 Rc8 11. c4 cxd4 12. Nxd4 Re8 13. Rac1 Bd6 14. Bb1 Ne5
15. N2f3 Nxf3+ 16. Qxf3 Bb8 17. Qh3 Qe7 18. cxd5 Rxc1 19. Rxc1 Bxd5 20. Nc6
Bxc6 21. Bxf6 Qxf6 22. Qxh7+ Kf8 23. Rxc6 Qh6 24. Qxh6 gxh6 25. Kf1 Rd8 26. Ke2
Bd6 27. Rc4 a5 28. Bd3 Bb4 29. g4 Rd5 30. h4 Be7 31. h5 Rc5 32. Rd4 Rc1 33. Rd7
Ra1 34. a4 Ra2+ 35. Kf1 Rd2 36. Bb5 Rxd7 37. Bxd7 Bh4 38. Ke2 Ke7 39. Bc8 Kd8
40. Ba6 Ke7 41. Bd3 Kf6 42. f3 Ke7 43. f4 e5 44. fxe5 Bg3 45. g5 hxg5 46. Kf3
Bxe5 47. Kg4 Kf6 48. h6 Bb2 49. h7 Kg7 50. Kxg5 Bc1 51. Kf4 f6 52. Bf5 Kh8 53.
Ke4 Kg7 54. Kd4 Kh8 55. e4 Bb2+ 56. Kd5 Be5 57. Kc6 1/2-1/2

[Event "Superettan(Horndal-Rodeby)"]
[Site "?"]
[Date "2011.03.12"]
[Round "8"]
[White "Wahlbom, Magnus"]
[Black "Angskog, Kent"]
[Result "1-0"]
[WhiteElo "2291"]
[BlackElo "2238"]
[PlyCount "69"]

1. d4 g6 2. c4 Bg7 3. Nf3 d6 4. Nc3 Bg4 5. e3 Nf6 6. Be2 O-O 7. O-O c5 8. h3
cxd4 9. exd4 Bf5 10. Bd3 Bxd3 11. Qxd3 Nbd7 12. Bf4 Rc8 13. Rfe1 Re8 14. Rac1
h6 15. d5 a6 16. b4 b5 17. cxb5 axb5 18. Be3 Rc4 19. a3 Qa8 20. Nxb5 Rxc1 21.
Rxc1 Nxd5 22. Nc7 Nxc7 23. Rxc7 Nf6 24. b5 d5 25. Bd4 Rc8 26. Rxe7 Rc4 27. b6
Qb8 28. g3 Ne4 29. Rxe4 dxe4 30. Qxc4 exf3 31. Bxg7 Kxg7 32. Qc7 Qa8 33. b7
Qxa3 34. b8=Q Qa1+ 35. Kh2 1-0

[Event "Superettan(Horndal-Rodeby)"]
[Site "?"]
[Date "2011.03.12"]
[Round "8"]
[White "Rorvall, Goran"]
[Black "Laksman, Efraim"]
[Result "0-1"]
[WhiteElo "2197"]
[BlackElo "2256"]
[PlyCount "68"]

1. e4 c5 2. Nf3 Nc6 3. b3 d6 4. Bb2 e5 5. g3 Be7 6. Bg2 h5 7. h4 Bg4 8. c3 d5
9. d3 d4 10. cxd4 cxd4 11. O-O g5 12. hxg5 Bxg5 13. Qe1 Be7 14. Ba3 Bf6 15.
Nbd2 h4 16. gxh4 Bxf3 17. Nxf3 Qd7 18. Rc1 Nge7 19. Ng5 Bxg5 20. hxg5 Ng6 21.
f4 Nxf4 22. Rxf4 exf4 23. Qf2 Qg4 24. Rxc6 f3 25. Rc7 Qxg2+ 26. Qxg2 fxg2 27.
Re7+ Kf8 28. Rxb7+ Kg7 29. Bb2 Rh3 30. Bxd4+ Kg6 31. Kxg2 Rxd3 32. Bf6 Rc8 33.
Kf1 Rc2 34. Ke1 Rh3 0-1

[Event "Superettan(Horndal-Rodeby)"]
[Site "?"]
[Date "2011.03.12"]
[Round "8"]
[White "Ostling, Hakan"]
[Black "Becker, Johnny"]
[Result "0-1"]
[WhiteElo "2163"]
[BlackElo "2105"]
[PlyCount "83"]

1. f4 g6 2. Nf3 d5 3. g3 Bg7 4. Bg2 c6 5. O-O Qb6+ 6. d4 Nf6 7. c4 O-O 8. Nc3
Na6 9. c5 Qc7 10. Ne5 Nd7 11. e4 dxe4 12. Nxe4 Nxe5 13. dxe5 Bf5 14. Be3 Nb4
15. Qb3 a5 16. Bd2 Be6 17. Qa4 b5 18. cxb6 Qxb6+ 19. Kh1 Nd3 20. Qc2 Rfd8 21.
Bc3 Ra7 22. Qe2 Bc4 23. b3 Bb5 24. Qf3 c5 25. Qe3 Rad7 26. Bh3 Rd5 27. e6 f5
28. Bxg7 Kxg7 29. Nc3 Rd4 30. Nxb5 Qxb5 31. Bg2 c4 32. bxc4 Qxc4 33. Rab1 R8d6
34. Rb7 Kf6 35. Qd2 Nxf4 36. Rxf4 Rxd2 37. Rxc4 Rd1+ 38. Bf1 Rxf1+ 39. Kg2 Ra1
40. Ra4 Rxe6 41. h4 Re2+ 42. Kf3 0-1

[Event "Superettan(Horndal-Rodeby)"]
[Site "?"]
[Date "2011.03.12"]
[Round "8"]
[White "Bengts, Torleif"]
[Black "Bernhardsson, Sten"]
[Result "1/2-1/2"]
[WhiteElo "2176"]
[BlackElo "2103"]
[PlyCount "39"]

1. e4 c5 2. c3 d5 3. exd5 Qxd5 4. d4 Nc6 5. Nf3 cxd4 6. cxd4 e5 7. Nc3 Bb4 8.
Bd2 Bxc3 9. Bxc3 e4 10. Ne5 Nxe5 11. dxe5 Ne7 12. Qa4+ Bd7 13. Qb4 a5 14. Qb6
O-O 15. Rd1 Qc6 16. Qe3 Nd5 17. Qxe4 Nxc3 18. Qxc6 Bxc6 19. bxc3 Rfe8 20. f4
1/2-1/2

[Event "Superettan(Horndal-Rodeby)"]
[Site "?"]
[Date "2011.03.12"]
[Round "8"]
[White "Eriksson, Bengt"]
[Black "Wiker, Bo"]
[Result "1-0"]
[WhiteElo "2065"]
[BlackElo "2091"]
[PlyCount "65"]

1. d4 Nf6 2. Bg5 Ne4 3. h4 c5 4. d5 d6 5. Nd2 Qa5 6. c3 Nxd2 7. Qxd2 e5 8. e4
h6 9. Be3 Be7 10. Bd3 Nd7 11. Ne2 Nf6 12. f3 Bd7 13. a4 Qc7 14. Bc4 b6 15. Kf2
a6 16. Qd3 Qb7 17. g4 b5 18. axb5 axb5 19. Rxa8+ Qxa8 20. Bxb5 Qa2 21. Bxd7+
Nxd7 22. Qb5 Bf6 23. Ng3 g6 24. g5 hxg5 25. hxg5 Rxh1 26. Nxh1 Bd8 27. Ng3 Ke7
28. Ne2 Nb6 29. b4 Qb2 30. Qc6 Nc4 31. bxc5 Nxe3 32. Qxd6+ Ke8 33. Qxe5+ 1-0

[Event "Superettan(Horndal-Rodeby)"]
[Site "?"]
[Date "2011.03.12"]
[Round "8"]
[White "Eriksson, Magnus"]
[Black "Dolgov, Mikhail"]
[Result "0-1"]
[WhiteElo "2101"]
[BlackElo "1962"]
[PlyCount "118"]

1. d4 g6 2. c4 Nf6 3. Nc3 Bg7 4. e4 d6 5. Be2 O-O 6. Bg5 Nbd7 7. Qd2 c6 8. h3
Qb6 9. Nf3 e5 10. d5 cxd5 11. cxd5 Nc5 12. Qc2 Nfxe4 13. Nxe4 Bf5 14. Nfd2 Nxe4
15. Nxe4 Qb4+ 16. Qd2 Qxe4 17. O-O Rfc8 18. Rac1 Qd4 19. b3 Qxd2 20. Bxd2 Rxc1
21. Rxc1 Rc8 22. Rxc8+ Bxc8 23. Bb4 Bf8 24. f3 f6 25. Kf2 Kf7 26. g4 Ke7 27.
Bd2 Kd8 28. Bd3 Kc7 29. h4 f5 30. h5 a6 31. hxg6 hxg6 32. Bg5 fxg4 33. Bxg6
gxf3 34. Kxf3 Kb6 35. Be3+ Kc7 36. Be4 Be7 37. Ke2 Bh3 38. Kf3 Bh4 39. Ke2 Kd7
40. Bh6 Ke7 41. Be3 Kf7 42. Kf3 Bd7 43. Bd3 Be7 44. Be4 Kf6 45. Bf2 Kg5 46.
Be3+ Kh5 47. Ke2 Kg4 48. a4 Bf5 49. Bf3+ Kg3 50. Bf2+ Kh3 51. Kd2 Bg5+ 52. Kc3
e4 53. Be2 e3 54. Be1 Bf6+ 55. Kc4 Kg2 56. b4 Bc2 57. a5 Ba4 58. Kd3 Bb5+ 59.
Kxe3 Bg5+ 0-1

[Event "Superettan(Majorna-Lulea)"]
[Site "?"]
[Date "2011.03.12"]
[Round "8"]
[White "Astrom, Robert"]
[Black "Strom, Leif"]
[Result "0-1"]
[WhiteElo "2527"]
[BlackElo "2133"]
[PlyCount "116"]
[SourceDate "2011.03.16"]

1. d4 d5 2. c4 e6 3. Nf3 Nf6 4. Nc3 a6 5. cxd5 exd5 6. Bg5 Be7 7. e3 O-O 8. Bd3
Be6 9. O-O Nbd7 10. Qc2 h6 11. Bh4 Re8 12. h3 c5 13. Rad1 c4 14. Bf5 b5 15.
Bxe6 fxe6 16. a3 Rb8 17. Bg3 Rb6 18. e4 Nf8 19. exd5 exd5 20. Be5 a5 21. Bxf6
Bxf6 22. Qf5 Qd7 23. Qxd5+ Qxd5 24. Nxd5 Rd6 25. Nxf6+ gxf6 26. Rd2 Ne6 27. g3
Red8 28. Rfd1 Nc7 29. Nh4 Rd5 30. Ng6 Kf7 31. Nf4 R5d6 32. d5 Na6 33. Ne6 Rc8
34. Kg2 c3 35. bxc3 Rxc3 36. Rb1 b4 37. axb4 axb4 38. Nf4 Rc5 39. Re2 Rb5 40.
Rbe1 Rd7 41. Ra2 Nc5 42. Ra8 Re7 43. Ne6 Nxe6 44. dxe6+ Kg7 45. Ra2 f5 46. Rae2
Kf6 47. g4 Rb6 48. Kf3 Rexe6 49. Rxe6+ Rxe6 50. Rxe6+ Kxe6 51. Ke3 b3 52. Kd3
fxg4 53. hxg4 Ke5 54. Kc3 Kf4 55. Kxb3 Kxg4 56. Kc3 Kf3 57. Kd2 Kxf2 58. Kd3 h5
0-1

[Event "Superettan(Majorna-Lulea)"]
[Site "?"]
[Date "2011.03.12"]
[Round "8"]
[White "Panas, Itai"]
[Black "Larsson, Anders"]
[Result "0-1"]
[WhiteElo "2153"]
[BlackElo "2348"]
[PlyCount "80"]

1. Nf3 d6 2. d4 Bg4 3. h3 Bh5 4. c4 Nd7 5. Bg5 c6 6. Bh4 Ngf6 7. Nc3 e5 8. e3
Be7 9. Be2 O-O 10. O-O Re8 11. Re1 a6 12. Bg3 Bf8 13. Nd2 Bg6 14. Bf3 e4 15.
Be2 b5 16. cxb5 axb5 17. a4 b4 18. Na2 d5 19. Nc1 Re6 20. Ncb3 Ne8 21. Qc2 Nc7
22. Rec1 f5 23. Qd1 Bf7 24. Qf1 g5 25. f4 exf3 26. Qxf3 Ne8 27. Bd3 Ng7 28. Qf2
Qe7 29. Nf1 Bg6 30. Bh2 f4 31. Bxg6 hxg6 32. exf4 Nb6 33. Nc5 Re2 34. Qg3 Nf5
35. Qxg5 Qxg5 36. fxg5 Nxd4 37. Ra2 b3 38. Nxb3 Nxb3 39. Rxc6 Bc5+ 40. Kh1 Rf8
0-1

[Event "Superettan(Majorna-Lulea)"]
[Site "?"]
[Date "2011.03.12"]
[Round "8"]
[White "Marklund, Niklas"]
[Black "Kall, Anders"]
[Result "0-1"]
[WhiteElo "2240"]
[BlackElo "2202"]
[PlyCount "98"]

1. d4 Nf6 2. c4 e6 3. Nc3 Bb4 4. f3 d6 5. e4 Bxc3+ 6. bxc3 Nbd7 7. Bd3 O-O 8.
Ne2 Re8 9. g4 e5 10. Ng3 Kh8 11. g5 Ng8 12. h4 Nf8 13. h5 Ne6 14. g6 Qf6 15. d5
Nf4 16. Bxf4 exf4 17. gxh7 fxg3 18. hxg8=Q+ Kxg8 19. Kd2 Qf4+ 20. Kc2 g2 21.
Rg1 Bh3 22. Qe2 Re5 23. Qf2 b6 24. a4 a5 25. Kb3 Rxh5 26. Rae1 Re8 27. Re2 Rg5
28. Re3 Ree5 29. Bc2 Rg3 30. Bd1 g5 31. Ree1 Kg7 32. Qd4 f5 33. c5 dxc5 34. Qc4
fxe4 35. Rxe4 Rxe4 36. Qxe4 Qxe4 37. fxe4 Kf6 38. Kc4 Ke5 39. Kb5 Kxe4 40. c4
Ke3 41. Kc6 Kf2 42. Rxg2+ Rxg2 43. Kxc7 Ke1 44. Bh5 Rb2 45. d6 Rb4 46. Be8 Rxc4
47. Kxb6 Be6 48. Kxa5 Rd4 49. Kb5 c4 0-1

[Event "Superettan(Majorna-Lulea)"]
[Site "?"]
[Date "2011.03.12"]
[Round "8"]
[White "Bende, Tobias"]
[Black "Engstrom, Kaj"]
[Result "0-1"]
[WhiteElo "2113"]
[BlackElo "2289"]
[PlyCount "48"]

1. d4 d5 2. c4 c6 3. Nf3 Nf6 4. Nc3 e6 5. Bg5 Nbd7 6. e3 Qa5 7. cxd5 exd5 8.
Qc2 Ne4 9. Bd3 Nxg5 10. Nxg5 h6 11. Nf3 Bd6 12. O-O-O b5 13. Kb1 Nb6 14. e4 O-O
15. e5 Be7 16. Rdg1 Rb8 17. g4 Nc4 18. g5 h5 19. Bh7+ Kh8 20. Bg6 Ba3 21. Nh4
Bxb2 22. Qe2 Bg4 23. Rxg4 Qxc3 24. a3 Qb3 0-1

[Event "Superettan(Majorna-Lulea)"]
[Site "?"]
[Date "2011.03.12"]
[Round "8"]
[White "Radovic, Stefan"]
[Black "Fors, Klas"]
[Result "1/2-1/2"]
[WhiteElo "2192"]
[BlackElo "2091"]
[PlyCount "106"]

1. Nf3 c5 2. c4 Nc6 3. Nc3 Nf6 4. g3 g6 5. Bg2 Bg7 6. d4 cxd4 7. Nxd4 O-O 8.
O-O Nxd4 9. Qxd4 d6 10. Qd3 Nd7 11. b3 Ne5 12. Qd2 Rb8 13. Bb2 a6 14. Rfd1 Be6
15. Rac1 b5 16. cxb5 axb5 17. Nd5 Bxd5 18. Bxd5 e6 19. Bg2 d5 20. e4 dxe4 21.
Bxe4 Qe7 22. Qe2 Qa7 23. Rc2 b4 24. Bxe5 Bxe5 25. Bxg6 Bg7 26. Be4 Rfd8 27.
Rcd2 Rxd2 28. Rxd2 Qc7 29. Qd1 Qa5 30. Qe2 Rc8 31. Rd7 Qe5 32. Qd3 f5 33. Rd8+
Rxd8 34. Qxd8+ Kf7 35. Bc6 Bf6 36. Qd7+ Kg6 37. Qd2 Qd4 38. Qe2 Qe5 39. Be8+
Kg7 40. Qd2 Qd4 41. Qe2 Qd5 42. Bb5 Qe5 43. Qxe5 Bxe5 44. f4 Bd6 45. Kf2 Kf6
46. Kf3 e5 47. fxe5+ Kxe5 48. Bd7 Bc5 49. h3 Bd4 50. Be8 Bc5 51. Bf7 h6 52. Bg8
Bb6 53. Bh7 Bc5 1/2-1/2

[Event "Superettan(Majorna-Lulea)"]
[Site "?"]
[Date "2011.03.12"]
[Round "8"]
[White "Thornfalt, Thomas"]
[Black "Marcussen, Arno"]
[Result "0-1"]
[WhiteElo "1725"]
[BlackElo "2109"]
[PlyCount "114"]

1. c4 c6 2. g3 d5 3. Nf3 Nf6 4. Bg2 e6 5. O-O Be7 6. b3 b6 7. Bb2 Nbd7 8. cxd5
cxd5 9. Na3 Ba6 10. Nd4 Rc8 11. d3 O-O 12. Qd2 Nb8 13. Rac1 Qd7 14. Rxc8 Rxc8
15. Rc1 Nc6 16. Nxc6 Rxc6 17. Rxc6 Qxc6 18. Nc4 Nd7 19. Ne5 Nxe5 20. Bxe5 f6
21. Bb2 e5 22. Qc1 Bb7 23. Qxc6 Bxc6 24. e3 Kf7 25. Bh3 Bd6 26. f3 Ke7 27. Kf2
g6 28. Bf1 Ke6 29. d4 a5 30. a4 Bb4 31. Bh3+ Kd6 32. Bf1 Bd7 33. Bd3 Be6 34. f4
exf4 35. gxf4 Bg4 36. Bc2 Ke6 37. Kg3 Bf5 38. Bd1 h5 39. Kf2 h4 40. Bc1 Bh3 41.
Be2 Bf5 42. Bd1 Be4 43. Bg4+ Kd6 44. Bd1 g5 45. h3 Kc6 46. Bb2 Bf5 47. Bc1 Bxh3
48. e4 g4 49. e5 g3+ 50. Kg1 fxe5 51. fxe5 Be1 52. Be3 Bf5 53. Bf3 h3 54. Bf4
Bf2+ 55. Kh1 Be4 56. Bxe4 dxe4 57. e6 g2+ 0-1

[Event "Superettan(Majorna-Lulea)"]
[Site "?"]
[Date "2011.03.12"]
[Round "8"]
[White "Pousette, Gunnar"]
[Black "Bengtsson, Tage"]
[Result "1-0"]
[WhiteElo "2073"]
[BlackElo "2030"]
[PlyCount "85"]

1. c4 f5 2. g3 g6 3. Bg2 Bg7 4. Nf3 d6 5. Nc3 Nf6 6. O-O O-O 7. d3 Nh5 8. Rb1
Nc6 9. Qc2 f4 10. Ne4 h6 11. b4 e5 12. Bb2 Nxb4 13. Qb3 Nc6 14. c5+ Kh7 15.
cxd6 cxd6 16. Ba3 fxg3 17. hxg3 g5 18. Nxd6 Rf6 19. Ne4 Rg6 20. Qc2 Rb8 21.
Rfc1 Bg4 22. Bc5 Kh8 23. Be3 Nf6 24. Qa4 Bf5 25. Bxa7 Nxa7 26. Nxe5 Qe8 27.
Nxg6+ Bxg6 28. Qxa7 Ra8 29. Qxb7 Rd8 30. Rc7 Nd7 31. Bh3 Rb8 32. Bxd7 Rxb7 33.
Bxe8 Rxb1+ 34. Kg2 Bxe8 35. Rc8 Kh7 36. Rxe8 Rb2 37. e3 Rxa2 38. d4 Kg6 39. g4
Ra6 40. Nc5 Ra2 41. Re6+ Kf7 42. Ra6 Bf8 43. Rxa2 1-0

[Event "Superettan(Majorna-Lulea)"]
[Site "?"]
[Date "2011.03.12"]
[Round "8"]
[White "Holzmann-Ekholm, Alexander"]
[Black "Pettersson, Tobias"]
[Result "0-1"]
[WhiteElo "1872"]
[BlackElo "2145"]
[PlyCount "92"]

1. e4 d6 2. d4 Nf6 3. Nc3 g6 4. Nf3 Bg7 5. h3 O-O 6. Be3 a6 7. Qd2 b5 8. Bd3
Bb7 9. a3 Nbd7 10. Bh6 c5 11. Bxg7 Kxg7 12. e5 Ng8 13. Be4 Bxe4 14. Nxe4 cxd4
15. Qxd4 dxe5 16. Nxe5 Nxe5 17. Qxe5+ f6 18. Qe6 Rc8 19. Nc3 Rc5 20. Rd1 Qa8
21. O-O Re5 22. Qd7 Rg5 23. Rd5 Rxd5 24. Qxd5 Qxd5 25. Nxd5 Rc8 26. c3 Kf7 27.
f3 Rd8 28. Nb4 Rd6 29. Rf2 e5 30. Re2 Ne7 31. Kf2 a5 32. Nc2 Nd5 33. Rd2 Ke6
34. Ne3 a4 35. Nc2 Nf4 36. Rxd6+ Kxd6 37. Nb4 Kc5 38. h4 Kc4 39. g3 Nd3+ 40.
Ke3 Nxb4 41. axb4 Kb3 42. Ke2 Kxb2 43. c4 a3 44. c5 a2 45. c6 a1=Q 46. c7 Qc1
0-1

[Event "Superettan(Wasa-Burgsvik)"]
[Site "?"]
[Date "2011.03.12"]
[Round "8"]
[White "Berg, Emanuel"]
[Black "Astrom, Goran"]
[Result "1-0"]
[WhiteElo "2680"]
[BlackElo "2313"]
[PlyCount "67"]

1. e4 c5 2. Nf3 e6 3. d4 cxd4 4. Nxd4 a6 5. Bd3 Bc5 6. Nb3 Be7 7. O-O d6 8. Qg4
g6 9. Qe2 Nd7 10. Na3 b6 11. Nc4 Bb7 12. a4 Ngf6 13. Bh6 Qc7 14. Rad1 d5 15.
exd5 Nxd5 16. Be4 N7f6 17. Bxd5 Bxd5 18. Ne5 Bf8 19. Bg5 Ne4 20. c4 Qxe5 21.
cxd5 exd5 22. Be3 Bd6 23. g3 O-O 24. Bxb6 Nf6 25. Qf3 Ne4 26. Rfe1 Rfe8 27. Qd3
Qxb2 28. Qxd5 Nc3 29. Qxd6 Qxb3 30. Qc6 Rec8 31. Qf6 Qxa4 32. Bd4 Ne2+ 33. Rxe2
Qxd1+ 34. Kg2 1-0

[Event "Superettan(Wasa-Burgsvik)"]
[Site "?"]
[Date "2011.03.12"]
[Round "8"]
[White "Collett, Peter"]
[Black "Fries Nielsen, Jens Ove"]
[Result "1-0"]
[WhiteElo "2273"]
[BlackElo "2412"]
[PlyCount "55"]

1. d4 g6 2. e4 Bg7 3. Nc3 e6 4. h4 h6 5. Be3 d5 6. Nf3 Ne7 7. exd5 exd5 8. Qd2
Nbc6 9. O-O-O Nf5 10. Bb5 O-O 11. Bxc6 bxc6 12. Bf4 Rb8 13. Na4 Qe7 14. c3 Nd6
15. Rde1 Be6 16. Ne5 Ne4 17. Qe3 Rb5 18. f3 c5 19. fxe4 cxd4 20. Nc6 Qd7 21.
Nxd4 Ra5 22. Bxh6 Rxa4 23. Bxg7 Kxg7 24. h5 g5 25. Qxg5+ Kh7 26. exd5 Qxd5 27.
Re5 Qxa2 28. Nxe6 1-0

[Event "Superettan(Wasa-Burgsvik)"]
[Site "?"]
[Date "2011.03.12"]
[Round "8"]
[White "Andersson, Bjorn"]
[Black "Soderberg, Per"]
[Result "1-0"]
[WhiteElo "2320"]
[BlackElo "2187"]
[PlyCount "51"]

1. e4 c5 2. Nf3 d6 3. d4 cxd4 4. Nxd4 Nf6 5. Nc3 a6 6. Be2 e5 7. Nb3 Be6 8. O-O
Be7 9. Kh1 O-O 10. f4 exf4 11. Bxf4 Nc6 12. Nd4 Nxd4 13. Qxd4 Qc7 14. Rad1 Rad8
15. Rd2 Ne8 16. Nd5 Bxd5 17. Qxd5 Nf6 18. Qd4 Qa5 19. Bc4 Ng4 20. b4 Qc7 21.
Qd5 Nf6 22. Qd3 Ng4 23. Bb3 Ne5 24. Qg3 Kh8 25. Rd5 b5 26. Rxe5 1-0